1119 1927 1880 1596 1376 1177 1284 1583 1325 1225 1455 1111 1581 1584 1685 1984 1882 1338 1966 1869 1302 1258 1038 1670 1024 1912 1709 1895 1257 1704 1967 1746 1598 1609 1017 1905 1524 1907 1003 1926 1472 1507 1860 1471 1880 1057 1863 1695 1887 1023 1781 1223 1091 1868 1706 1123 1631 1359 1032 1607 1005 1760 1468 1328 1758 1258 1280 1844 1611 1467 1505 1494 1221 1625 1684 1167 1897 1557 1381 1719 1236 1678 1457 1889 1233 1384 1947 1874 1732 1422 1731 1104 1515 1992 1546 1035 1686 1299 1235 BCNSPRNW ULIB Ver.6.0+V

เปลี่ยนเป็นภาษาไทย

Change to English
 แสดงรายละเอียดบรรณานุกรม
  กลับหน้าหลัก

Brief Record : Get Marc (ISO 2709) : E-mail record : QR code < ปิดหน้าต่าง
LEADER : 00000nas 2200000uu 4500
001    13399126225
003     ULIB
008    180815s||||||||th 000 0 tha d
245 00 ^aวารสารวิทยาลัยพยาบาลบมราชชนนี สุพรรณบุรี/^bวิทยาลัยพยาบาลบรมราชชนนี สุพรรณบุรี
310    ^aราย 6 เดือน
850 ^a ULIB^bปีที่ 1 ฉบับที่ 1 ฉ.1
945    ^p0^l0^i904978
999    ^aประนอม เกษจรัล
รายการนี้ยังไม่มีแท็ก
คุณยังไม่ได้ล็อกอิน คุณสามารถมีกิจกรรมร่วมกับเว็บไซต์ได้ แต่ต้องล็อกอินก่อน ::
  ล็อกอิน

รายการสื่อสารสนเทศ (วารสาร)

ดูแบบ: กล่อง รายการ
ARRIVED
ปีที่ 1 ฉบับที่ 1 ฉ.1
สถานที่: ห้องสมุดวิทยาเขตสวรรค์ประชารักษ์ >วารสาร

BibComment


ยังไม่เคยถูกคอมเมนท์

คอมเมนท์ทรัพยากรรายการนี้
  คอมเมนท์: วารสารวิทยาลัยพย..


 Copyright 2026. Bcnsprnw @Library